Japan : (Record no. 12754)
[ view plain ]
| 000 -LEADER | |
|---|---|
| fixed length control field | 00451pam a2200157 a 4500 |
| 020 ## - INTERNATIONAL STANDARD BOOK NUMBER | |
| ISBN | 1563249065 (alk. paper) |
| 020 ## - INTERNATIONAL STANDARD BOOK NUMBER | |
| ISBN | 1563249073 (pbk. : alk. paper) |
| 040 ## - CATALOGING SOURCE | |
| Transcribing agency | DLC |
| 082 00 - DEWEY DECIMAL CLASSIFICATION NUMBER | |
| Classification number | 952 SHA 1997 A100 Or. |
| 245 00 - TITLE STATEMENT | |
| Title | Japan : |
| Remainder of title | a documentary history / |
| 260 ## - PUBLICATION, DISTRIBUTION, ETC. (IMPRINT) | |
| Place of publication | Armonk, NY : |
| Name of publisher | M.E. Sharpe, |
| Year of publication | 1997. |
| 300 ## - PHYSICAL DESCRIPTION | |
| Number of Pages | 2 v. (xv, 618 p., xlvi) : |
| Other physical details | ill., maps ; |
| Dimensions | 33 cm. |
| 500 ## - GENERAL NOTE | |
| General note | "An east gate book." |
| 700 1# - ADDED ENTRY--PERSONAL NAME | |
| Personal name | Lu, David John, |
| 942 ## - ADDED ENTRY ELEMENTS (KOHA) | |
| Koha item type | សៀវភៅភាសាអង់គ្លេស |
| 952 ## - LOCATION AND ITEM INFORMATION (KOHA) | |
| Withdrawn status [LOCAL, KOHA] | 0 |
| Permanent Location | Date acquired | Koha item type | Lost status | Shelving location | Barcode | Current Location | Full call number |
|---|---|---|---|---|---|---|---|
| Library Block A | 2017-08-16 | សៀវភៅភាសាអង់គ្លេស | A102 | A16783 | Library Block A | 952 SHA 1997 A102 Or. |